Wszystkie pętle autobusowe komunikacji miejskiej w Ostródzie - Statystyki

Ogólne statystyki
  • Ten quiz został rozwiązany 6 razy
  • Średni wynik to 6 z 13
Statystyki odpowiedzi
Odpowiedź % Poprawnych
Grunwaldzka ZKM
75%
Nad Jarem Pętla
75%
Tyrowo Pętla
75%
Wałdowo Pętla
75%
Chrobrego Pętla
50%
Idzbark Pętla
50%
Międzylesie Pętla
50%
Morliny Pętla
50%
Warlity Wielkie Pętla
50%
Kajkowo Pętla
25%
Polna Pętla
25%
Wzgórze św. Franciszka Pętla
25%
Dworzec PKP Pętla Słowackiego
0%
Nie znaleziono quizów pasujących do podanych kryteriów
Rozkład punktacji
Procent ludzi z każdym wynikiem
Percentyl według liczby udzielonych odpowiedzi
Twoja historia wyników
Nie rozwiązałeś tego quizu